Statistics for Tour de Pologne 2017 Stage Winners

Click here to take the quiz!

General Stats

  • This quiz has been taken 11 times
  • The average score is 4 of 8

Answer Stats

StageNationalityAnswer% Correct
1SlovakianPeter Sagan
100%
3BelgianDylan Teuns
78%
GCBelgianDylan Teuns
78%
4AustralianCaleb Ewan
44%
5DutchDanny Van Poppel
44%
6AustralianJack Haig
44%
2ItalianSacha Modolo
33%
7DutchWout Poels
22%

Score Distribution

Percentile by Number Answered

Percent of People with Each Score

Your Score History

You have not taken this quiz